| 000 | 01319nam a22003617a 4500 | ||
|---|---|---|---|
| 003 | CHAP | ||
| 005 | 20220329133904.0 | ||
| 008 | 971013s1958 r 00010 d | ||
| 010 | _a12304 | ||
| 011 | _a13276 | ||
| 035 | _a17347 | ||
| 040 | _cCHAP | ||
| 082 |
_a595.7058 _bG52 |
||
| 100 | 0 | 0 |
_aGibson, William W. _947886 |
| 245 | _aDirectorio de taxónomos de insectos de la América Latina | ||
| 260 |
_aMéxico, D.F. : _bOficina de Estudios Especiales, _c1958 |
||
| 300 | _a40 p. | ||
| 490 |
_aOficina de Estudios Especiales. Folleto misceláneo _v; 7 |
||
| 590 |
_aBATCH-UPD _b10 _c20130109 _lUCH01 _h2340 |
||
| 590 |
_aBATCH-UPD _b10 _c20130110 _lUCH01 _h2104 |
||
| 590 |
_aBATCH-UPD _b10 _c20130409 _lUCH01 _h1908 |
||
| 590 |
_aBATCH-UPD _b10 _c20130410 _lUCH01 _h1416 |
||
| 590 |
_aBATCH-UPD _b10 _c20130914 _lUCH01 _h1311 |
||
| 590 |
_aCONVERSION _b10 _c20130109 _lUCH01 _h1308 |
||
| 650 | 1 | 4 |
_aAgua subterranea. _92456 |
| 650 | 1 | 4 |
_aEntomólogos _xDirectorios. _937157 |
| 830 | 0 |
_aOficina de Estudios Especiales. Folleto misceláneo _v; 7 _982801 |
|
| 901 | _aBK | ||
| 942 | _cLIBRO | ||
| 949 |
_a595.7058 G52 _bBC _cC _d33724000497400 _eC _fc.3 _h70317 _i17347 _mD _si |
||
| 949 |
_a595.7058 G52 _bBC _cC _d33724000497434 _eC _fc.2 _h69407 _i17347 _mD _si |
||
| 949 |
_a595.7058 G52 _bBC _cC _d33724000497459 _eC _h27409 _i17347 _mD _si |
||
| 999 |
_c12304 _d12304 |
||